[Event "Offene Hessische Senioren Einzelmeisters"]
[Site "Bad Sooden- Allendorf"]
[Date "2013.04.23"]
[Round "4.96"]
[White "Wauer, Klaus"]
[Black "Krüger, Bernhard"]
[Result "1-0"]
[WhiteElo "1399"]
[BlackElo "1537"]
[PlyCount "89"]
[EventDate "2013.??.??"]
[WhiteTeam "SC 51 Nordhausen"]
[BlackTeam "SC Grunbach"]

1. e4 c5 2. Nf3 a6 3. d4 cxd4 4. Nxd4 e6 5. a3 Bc5 6. Nc3 Nc6 7. Nxc6 bxc6 8.
Qf3 Qf6 9. Qxf6 Nxf6 10. Bd3 Rb8 11. O-O O-O 12. Na4 Ba7 13. Bf4 Ra8 14. Bd6
Re8 15. c4 Bd4 16. Rab1 e5 17. Bb4 a5 18. Bc3 d6 19. Bxd4 exd4 20. f3 Rb8 21.
b4 axb4 22. axb4 Bd7 23. b5 cxb5 24. cxb5 Rec8 25. Rb4 Be8 26. Rfb1 Nd7 27.
Rxd4 Nc5 28. Bf1 Nxa4 29. Rxa4 Rb6 30. Ra6 Rcb8 31. Rxb6 Rxb6 32. Kf2 Kf8 33.
Ke3 Bd7 34. Kd4 Ke7 35. e5 dxe5+ 36. Kxe5 Kd8 37. Kd4 Rb8 38. b6 Bc8 39. Kc5
Bb7 40. Rd1+ Ke7 41. Ra1 Rc8+ 42. Kd4 Rd8+ 43. Ke3 Ra8 44. Rxa8 Bxa8 45. Ba6
1-0

[Event "Offene Hessische Senioren Einzelmeisters"]
[Site "Bad Sooden- Allendorf"]
[Date "2013.04.23"]
[Round "4.97"]
[White "Narr, Irmgard"]
[Black "Kage, August"]
[Result "1-0"]
[WhiteElo "1529"]
[BlackElo "1346"]
[PlyCount "173"]
[EventDate "2013.??.??"]
[WhiteTeam "SC Mühlhof-Reichelsdorf e.V."]
[BlackTeam "ESV Rot-Weiß Göttingen"]

1. e4 c5 2. Nf3 e6 3. d4 cxd4 4. Nxd4 Nf6 5. Nc3 a6 6. Bd3 d6 7. Bg5 Nbd7 8.
Qd2 Qb6 9. Nb3 Be7 10. Be3 Qc7 11. h3 b6 12. O-O Bb7 13. Qe2 O-O 14. Nd4 Rfe8
15. Nf3 d5 16. exd5 exd5 17. Qd1 Bd6 18. Bd4 Ne4 19. Re1 Ndc5 20. Bxc5 Bxc5 21.
Bxe4 dxe4 22. Nd4 Rad8 23. Nce2 g6 24. c3 Qe5 25. Qd2 e3 26. fxe3 Qxe3+ 27.
Qxe3 Rxe3 28. Kf2 Rde8 29. Rad1 R3e5 30. Nf4 Kf8 31. Rxe5 Rxe5 32. Nd3 Rf5+ 33.
Ke3 Bxd4+ 34. cxd4 Bxg2 35. Nf4 Bb7 36. Rc1 Rg5 37. Rc7 Bh1 38. Kf2 Rf5 39. Kg3
g5 40. Ng2 Rd5 41. Rc6 Rb5 42. Rc2 Kg7 43. Rd2 Bxg2 44. Rxg2 Rd5 45. Kf3 f5 46.
Ke3 Kg6 47. Rc2 Rd6 48. Rd2 Re6+ 49. Kf3 h5 50. d5 Rd6 51. Ke3 Kf6 52. Kd4 h4
53. Rf2 Rd7 54. Re2 Re7 55. Rc2 Re4+ 56. Kd3 Ke5 57. Rc6 Kxd5 58. Rxb6 Rd4+ 59.
Ke3 Re4+ 60. Kd3 f4 61. Rg6 Re3+ 62. Kd2 Re5 63. Rxa6 Ke4 64. Ke2 f3+ 65. Kf2
Rf5 66. Ra4+ Kd3 67. Ra3+ Kc2 68. b4 Kb2 69. Rxf3 Rb5 70. a3 Ka2 71. Ke2 Re5+
72. Kd2 Kb2 73. Rd3 Rf5 74. Ke2 Kc2 75. Re3 Rd5 76. Kf3 Rd4 77. b5 Rf4+ 78. Ke2
g4 79. hxg4 Rxg4 80. Kf2 Kd2 81. b6 Rg7 82. Rh3 Rf7+ 83. Rf3 Rh7 84. Kg2 Rb7
85. Rb3 Kc2 86. Rb4 Kc3 87. Kh3 1-0

[Event "Offene Hessische Senioren Einzelmeisters"]
[Site "Bad Sooden- Allendorf"]
[Date "2013.04.23"]
[Round "4.98"]
[White "Brueckner, Ewald"]
[Black "Helm, Irmgard"]
[Result "1-0"]
[WhiteElo "1526"]
[BlackElo "1340"]
[PlyCount "86"]
[EventDate "2013.??.??"]
[WhiteTeam "1.Hainstädter SC 1950"]
[BlackTeam "TSG Oberschöneweide e.V."]

1. f4 e5 2. fxe5 d6 3. Nf3 dxe5 4. e4 Nc6 5. Be2 Nf6 6. d3 Bc5 7. c3 O-O 8. b4
Bd6 9. O-O a6 10. Bg5 h6 11. Bxf6 Qxf6 12. Nd4 Qg5 13. Nxc6 bxc6 14. Qd2 Qg6
15. Rf3 f5 16. Rg3 Qf6 17. Rf3 f4 18. Rf1 c5 19. a3 Bb7 20. Qb2 c4 21. Nd2 Rad8
22. Nxc4 Be7 23. Rad1 Qg5 24. Bf3 Rd7 25. Qb3 Kh8 26. d4 exd4 27. cxd4 Rfd8 28.
Ne5 Bf6 29. Nxd7 Rxd7 30. e5 Bxf3 31. Qxf3 Be7 32. Qxf4 Qg6 33. Qf5 Qxf5 34.
Rxf5 Bg5 35. Kf2 Kg8 36. g3 Rf7 37. Rxf7 Kxf7 38. h4 Be7 39. d5 Bd8 40. Ke3 Ke8
41. Ke4 Be7 42. h5 Kd8 43. e6 Bf6 1-0

[Event "Offene Hessische Senioren Einzelmeisters"]
[Site "Bad Sooden- Allendorf"]
[Date "2013.04.23"]
[Round "4.99"]
[White "Völler, Lothar"]
[Black "Fister, Horst-Lothar"]
[Result "1-0"]
[WhiteElo "1524"]
[BlackElo "1301"]
[PlyCount "74"]
[EventDate "2013.??.??"]
[WhiteTeam "Dortmund"]
[BlackTeam "SK Werther 1949 e.V."]

1. e4 d6 2. g3 Nf6 3. Bg2 g6 4. d3 Bg7 5. Nf3 Bg4 6. O-O O-O 7. Nbd2 Nc6 8. h3
Bxf3 9. Nxf3 e5 10. Be3 Re8 11. Qd2 d5 12. exd5 Nxd5 13. Bh6 Nf6 14. Rae1 Nd7
15. Nh2 Rb8 16. Ng4 Nf6 17. Bg5 Qd6 18. Nh6+ Bxh6 19. Bxh6 Qd4 20. Bg5 Nh5 21.
Re4 Qxb2 22. Rh4 Qb6 23. Be3 Qb5 24. a4 Qb2 25. Bd5 Ne7 26. Rb4 Qa3 27. Bb3 Nc6
28. Rc4 Qe7 29. Bg5 Qd7 30. g4 Nd4 31. Rxd4 exd4 32. gxh5 Qxh3 33. Qf4 Qf5 34.
hxg6 hxg6 35. Qxf5 gxf5 36. Bf4 Rbc8 37. Kh2 Kg7 1-0

[Event "Offene Hessische Senioren Einzelmeisters"]
[Site "Bad Sooden- Allendorf"]
[Date "2013.04.23"]
[Round "4.100"]
[White "Hielscher, Klaus"]
[Black "Graffenberger, Marianne"]
[Result "1-0"]
[WhiteElo "1519"]
[BlackElo "1229"]
[PlyCount "73"]
[EventDate "2013.??.??"]
[WhiteTeam "Braunschweiger SF"]
[BlackTeam "Hamburger SK von 1830 eV"]

1. c4 Nf6 2. g3 g6 3. Bg2 c6 4. e4 d6 5. Nc3 Bg7 6. Nge2 O-O 7. O-O Be6 8. d3
Na6 9. a3 Rb8 10. Nd4 Bd7 11. Nce2 e5 12. Nc2 Nc5 13. Ne3 Ne6 14. b4 Nd4 15.
Nxd4 exd4 16. Nc2 c5 17. b5 b6 18. Ne1 Bc8 19. h3 a6 20. a4 a5 21. Ra2 Bb7 22.
Bg5 h6 23. Bxf6 Qxf6 24. f4 Qe7 25. Nf3 f5 26. exf5 Rxf5 27. Re2 Qd7 28. Rfe1
Rff8 29. Re6 Kh7 30. Re7 Qf5 31. Nh4 Qc8 32. Be4 Bxe4 33. R1xe4 Qxh3 34. Qf3
Qc8 35. R4e6 Qd8 36. Qe4 Kg8 37. Qxg6 1-0

[Event "Offene Hessische Senioren Einzelmeisters"]
[Site "Bad Sooden- Allendorf"]
[Date "2013.04.23"]
[Round "4.101"]
[White "Geibel, Henning"]
[Black "Bill, Eugen"]
[Result "0-1"]
[WhiteElo "1237"]
[BlackElo "1496"]
[PlyCount "36"]
[EventDate "2013.??.??"]
[WhiteTeam "SV Bargteheide"]
[BlackTeam "SV Lahn Limburg"]

1. e4 e5 2. Nf3 Nc6 3. Bc4 Bc5 4. O-O Nf6 5. d3 d6 6. h3 h6 7. a3 g5 8. b4 Bb6
9. Nc3 g4 10. hxg4 Bxg4 11. Nd5 Nd4 12. Nxb6 axb6 13. c3 Nxf3+ 14. gxf3 Bh3 15.
Re1 Nh5 16. Kh2 Qh4 17. Rg1 Bg4+ 18. Kg2 Qh3# 0-1

[Event "Offene Hessische Senioren Einzelmeisters"]
[Site "Bad Sooden- Allendorf"]
[Date "2013.04.23"]
[Round "4.102"]
[White "Stuiber, Ingeborg"]
[Black "Köhler, Marianne"]
[Result "0-1"]
[WhiteElo "977"]
[BlackElo "1438"]
[PlyCount "83"]
[EventDate "2013.??.??"]
[WhiteTeam "SK Turm Euskirchen 65"]
[BlackTeam "SG 2011 Sennewit"]

1. d4 Nf6 2. c4 g6 3. Nc3 c6 4. e4 d6 5. Nf3 Bg4 6. Be2 Bg7 7. O-O O-O 8. Qc2
Qc7 9. Bf4 Bxf3 10. Bxf3 e5 11. Be3 Ne8 12. d5 Nd7 13. Be2 a6 14. f4 exf4 15.
Rxf4 Bh6 16. Rf3 Bxe3+ 17. Rxe3 Ne5 18. Rf1 b5 19. b3 Ng7 20. Nd1 Qa7 21. Kh1
bxc4 22. bxc4 c5 23. Nf2 Qd7 24. Nd3 Qe7 25. Nxe5 Qxe5 26. Qc3 Rfe8 27. Qxe5
Rxe5 28. Bd3 f5 29. Rff3 Rae8 30. Kg1 fxe4 31. Bxe4 Rxe4 32. Rxe4 Rxe4 33. Rf6
Ne8 34. Re6 Rxe6 35. dxe6 Kg7 36. Kf2 Kf6 37. Ke3 Kxe6 38. Ke4 Nf6+ 39. Kd3 Ke5
40. h3 g5 41. g3 Ne4 42. g4 0-1

[Event "Offene Hessische Senioren Einzelmeisters"]
[Site "Bad Sooden- Allendorf"]
[Date "2013.04.23"]
[Round "4.103"]
[White "Jobski, Werner"]
[Black "Semisch, Helga"]
[Result "0-1"]
[WhiteElo "1416"]
[BlackElo "1256"]
[PlyCount "44"]
[EventDate "2013.??.??"]
[WhiteTeam "SF Schwerte 1951"]
[BlackTeam "SV Schmalkalden 04"]

1. e4 d6 2. d4 a6 3. Nf3 Nf6 4. Nc3 Bd7 5. Bd3 g6 6. O-O Bg7 7. Re1 O-O 8. e5
Nh5 9. Be3 h6 10. Qd2 Kh7 11. h3 f5 12. Nd5 e6 13. Nf4 Nxf4 14. Bxf4 Bc6 15.
Bc4 Bxf3 16. gxf3 Qh4 17. Bf1 Nc6 18. c3 dxe5 19. Bg3 Qh5 20. Kg2 f4 21. Kh2
fxg3+ 22. Kg2 Qxf3+ 0-1

[Event "Offene Hessische Senioren Einzelmeisters"]
[Site "Bad Sooden- Allendorf"]
[Date "2013.04.23"]
[Round "4.104"]
[White "Freerksen, Uwe"]
[Black "Maczollek, Helmut"]
[Result "1/2-1/2"]
[WhiteElo "1259"]
[BlackElo "1353"]
[PlyCount "59"]
[EventDate "2013.??.??"]
[WhiteTeam "SK Königsspringer Emden"]
[BlackTeam "SK Turm Lage 1926"]

1. e4 d6 2. Nf3 Bg4 3. Be2 Nf6 4. d3 e5 5. Be3 Be7 6. O-O O-O 7. h3 Bh5 8. Nc3
c6 9. Qc1 Bxf3 10. Bxf3 Nbd7 11. g3 b6 12. Bg2 Rc8 13. a3 Re8 14. Ne2 d5 15. f4
dxe4 16. dxe4 Bc5 17. f5 Bxe3+ 18. Qxe3 Qe7 19. b4 a6 20. Rad1 c5 21. c3 a5 22.
bxa5 bxa5 23. c4 a4 24. g4 h6 25. g5 hxg5 26. Qxg5 Nh7 27. Qxe7 Rxe7 28. Nc3
Nb6 29. Rf3 Ra7 30. Nb5 1/2-1/2

[Event "Offene Hessische Senioren Einzelmeisters"]
[Site "Bad Sooden- Allendorf"]
[Date "2013.04.23"]
[Round "4.105"]
[White "Wernitz, Armin"]
[Black "Girod, Gudrun"]
[Result "1/2-1/2"]
[WhiteElo "1235"]
[BlackElo "1349"]
[PlyCount "37"]
[EventDate "2013.??.??"]
[WhiteTeam "PostSV Brandenburg e.V."]
[BlackTeam "Hannover 96 Schach"]

1. Nf3 e6 2. d4 d5 3. g3 Nf6 4. Bg2 Be7 5. O-O O-O 6. Nbd2 Nbd7 7. c3 c5 8. e3
b6 9. Re1 Bb7 10. Qc2 Rc8 11. h3 h6 12. b3 cxd4 13. exd4 Bb4 14. Bb2 Bd6 15.
Qd3 Re8 16. Ne5 Nh7 17. Ndf3 Bxe5 18. dxe5 Qe7 19. Qd4 1/2-1/2

[Event "Offene Hessische Senioren Einzelmeisters"]
[Site "Bad Sooden- Allendorf"]
[Date "2013.04.23"]
[Round "4.106"]
[White "Knobling, Rolf"]
[Black "Wiebke, Elfriede"]
[Result "1-0"]
[WhiteElo "1342"]
[BlackElo "1031"]
[PlyCount "43"]
[EventDate "2013.??.??"]
[WhiteTeam "USV Erfurt Abteilung Schach"]
[BlackTeam "Verein Segeberger SF"]

1. e4 e5 2. f4 d6 3. Nf3 Bg4 4. Be2 Bxf3 5. Bxf3 exf4 6. O-O Nc6 7. d4 Nf6 8.
Nc3 a6 9. Bxf4 Be7 10. Re1 O-O 11. e5 dxe5 12. Bxe5 Bb4 13. Bxc6 bxc6 14. Rf1
Be7 15. Qf3 Nd5 16. Qg3 g6 17. Nxd5 cxd5 18. Bxc7 Qe8 19. Bf4 Kh8 20. Bh6 Rg8
21. Rae1 f5 22. Qe5+ 1-0

[Event "Offene Hessische Senioren Einzelmeisters"]
[Site "Bad Sooden- Allendorf"]
[Date "2013.04.23"]
[Round "4.107"]
[White "Köllmer, Hans"]
[Black "Bartl, Birgit"]
[Result "0-1"]
[WhiteElo "1305"]
[BlackElo "1153"]
[PlyCount "68"]
[EventDate "2013.??.??"]
[WhiteTeam "Sfr.Heidesheim"]
[BlackTeam "USV Erfurt Abteilung Schach"]

1. d4 d5 2. Bf4 e6 3. Nf3 Nf6 4. e3 Bd6 5. Bg3 O-O 6. Nbd2 Nc6 7. c3 b6 8. Bh4
Be7 9. Bd3 a5 10. Qc2 g6 11. Bg3 Nh5 12. e4 Re8 13. Ne5 Nxe5 14. Bxe5 Bf6 15.
Bg3 c6 16. Nf3 Bb7 17. Qd2 c5 18. e5 Be7 19. Qh6 Bf8 20. Qd2 cxd4 21. cxd4 Bb4
22. Qxb4 axb4 23. Bh4 Qd7 24. O-O Ba6 25. Bxa6 Rxa6 26. h3 Qa7 27. Rfc1 Rxa2
28. Rab1 h6 29. Bf6 Nxf6 30. exf6 b5 31. Kh2 Qb7 32. g3 Rc8 33. Rd1 Rc2 34. Rd2
Qc7 0-1

[Event "Offene Hessische Senioren Einzelmeisters"]
[Site "Bad Sooden- Allendorf"]
[Date "2013.04.23"]
[Round "4.108"]
[White "Nols, Uwe"]
[Black "Grüneschild, Hildegard"]
[Result "0-1"]
[WhiteElo "1171"]
[BlackElo "1274"]
[PlyCount "82"]
[EventDate "2013.??.??"]
[WhiteTeam "Itzehoer SV von 1923"]
[BlackTeam "Schach-Union München e.V."]

1. e4 c5 2. Bc4 e6 3. Nf3 d6 4. Nc3 a6 5. a3 Nf6 6. O-O Nc6 7. d4 cxd4 8. Nxd4
Be7 9. Be3 Ne5 10. Be2 Bd7 11. a4 O-O 12. f4 Nc6 13. Nf3 Ng4 14. Bd2 Qb6+ 15.
Kh1 Nf2+ 16. Rxf2 Qxf2 17. Qc1 Qb6 18. Bd3 Rac8 19. e5 dxe5 20. fxe5 Nb4 21.
Be2 Nd5 22. a5 Qc7 23. Bd3 Nxc3 24. bxc3 Bc6 25. Qf1 Bd5 26. c4 Bxc4 27. Ng5
Bxg5 28. Bxg5 Bxd3 29. cxd3 Qxe5 30. Bf4 Qd5 31. Re1 Rc2 32. Re5 Qd7 33. Qd1
Qc6 34. Qf1 f6 35. Re1 Qd5 36. h3 e5 37. Bg3 Qxa5 38. Qf3 Qb5 39. Kh2 Ra2 40.
Qf5 Qc6 41. Qf1 b5 0-1

[Event "Offene Hessische Senioren Einzelmeisters"]
[Site "Bad Sooden- Allendorf"]
[Date "2013.04.24"]
[Round "5.1"]
[White "Vogel, Jaap"]
[Black "Schumacher, Gottfried"]
[Result "1-0"]
[WhiteElo "2193"]
[BlackElo "2100"]
[PlyCount "85"]
[EventDate "2013.??.??"]
[BlackTeam "HTC Bad Neuenahr"]

1. d4 Nf6 2. Nf3 e6 3. c4 d5 4. g3 c5 5. Bg2 Nc6 6. O-O dxc4 7. Qa4 Bd7 8. Qxc4
b5 9. Qd3 Nb4 10. Qd1 Rc8 11. Nc3 Bc6 12. Bg5 cxd4 13. Nxd4 Bxg2 14. Kxg2 a6
15. a4 Nbd5 16. Bxf6 gxf6 17. axb5 Nxc3 18. bxc3 Qd5+ 19. e4 Qxe4+ 20. f3 Qd5
21. bxa6 Bc5 22. Qa4+ Qd7 23. Rfb1 Qxa4 24. Rxa4 Kd7 25. a7 Kc7 26. Nb5+ Kd7
27. Ra6 Ra8 28. Rd1+ Ke7 29. Rc6 Rhc8 30. Rxc8 Rxc8 31. Ra1 Ra8 32. Ra6 Kd7 33.
g4 Be3 34. c4 f5 35. gxf5 exf5 36. Kf1 Ke7 37. Ke2 Bg1 38. h3 Kd7 39. Kd3 Bf2
40. Kc3 Bc5 41. Rf6 Ke7 42. Rc6 Bf2 43. c5 1-0

[Event "Offene Hessische Senioren Einzelmeisters"]
[Site "Bad Sooden- Allendorf"]
[Date "2013.04.24"]
[Round "5.2"]
[White "Ackermann, Hans Werner"]
[Black "Knaak, Joachim"]
[Result "1-0"]
[WhiteElo "2175"]
[BlackElo "2085"]
[PlyCount "83"]
[EventDate "2013.??.??"]
[WhiteTeam "SC Hansa Dortmund e.V."]
[BlackTeam "SV Dresden-Leuben"]

1. b3 Nf6 2. Bb2 g6 3. Bxf6 exf6 4. c4 Bg7 5. Nc3 O-O 6. g3 c6 7. Bg2 f5 8. e3
d6 9. Nge2 Nd7 10. d4 Nf6 11. Qd3 Re8 12. O-O Qe7 13. b4 Bd7 14. a4 Rab8 15. a5
Ne4 16. b5 a6 17. bxa6 bxa6 18. Rfb1 Be6 19. Rxb8 Rxb8 20. Nxe4 fxe4 21. Qxe4
Qb7 22. Qc2 Qb2 23. Qxb2 Rxb2 24. Nf4 c5 25. Nxe6 fxe6 26. dxc5 dxc5 27. Rd1
Ra2 28. Bh3 e5 29. Be6+ Kf8 30. Rd7 Bh6 31. Rf7+ Ke8 32. Rxh7 Bf8 33. Ra7 Rxa5
34. Kg2 Kd8 35. Ra8+ Ke7 36. Bc8 Ra4 37. Bxa6 Bg7 38. h4 Bf6 39. Kf3 Kd6 40.
Bb7 Rxc4 41. Ra6+ Kc7 42. Bd5 1-0

[Event "Offene Hessische Senioren Einzelmeisters"]
[Site "Bad Sooden- Allendorf"]
[Date "2013.04.24"]
[Round "5.4"]
[White "Szenetra, Werner"]
[Black "Happel, Henk"]
[Result "1/2-1/2"]
[WhiteElo "2022"]
[BlackElo "2146"]
[PlyCount "33"]
[EventDate "2013.??.??"]
[WhiteTeam "SV Berenbostel"]
[BlackTeam "Discendo Discimus"]

1. Nf3 Nf6 2. d3 d5 3. g3 b6 4. Bg2 Bb7 5. O-O e6 6. Nbd2 Be7 7. Re1 c5 8. e4
Nc6 9. c3 Qc7 10. a3 Rd8 11. e5 Nd7 12. Qe2 g5 13. h3 h5 14. Nf1 g4 15. hxg4
hxg4 16. N3h2 Qxe5 17. Qd1 1/2-1/2

[Event "Offene Hessische Senioren Einzelmeisters"]
[Site "Bad Sooden- Allendorf"]
[Date "2013.04.24"]
[Round "5.5"]
[White "Kopp, Peter"]
[Black "Hottes, Dieter"]
[Result "1/2-1/2"]
[WhiteElo "1964"]
[BlackElo "2118"]
[PlyCount "46"]
[EventDate "2013.??.??"]
[WhiteTeam "SV 1920 Hofheim"]
[BlackTeam "Stuttgarter SF 1879"]

1. e4 e6 2. d3 b6 3. Nf3 Bb7 4. g3 c5 5. Bg2 Nf6 6. O-O d5 7. Nbd2 Nc6 8. Re1
Be7 9. c3 Qc7 10. a4 O-O 11. e5 Nd7 12. Qe2 Rae8 13. Nf1 Na5 14. Bf4 Nb3 15.
Ra2 Bc6 16. h4 d4 17. c4 Qb7 18. Ra3 Na5 19. N1d2 Nb8 20. Ne4 Qd7 21. b3 Ba8
22. Bg5 f5 23. exf6 gxf6 1/2-1/2

[Event "Offene Hessische Senioren Einzelmeisters"]
[Site "Bad Sooden- Allendorf"]
[Date "2013.04.24"]
[Round "5.7"]
[White "Bieberle, Gerhart"]
[Black "Haubt, Georg"]
[Result "0-1"]
[WhiteElo "1733"]
[BlackElo "2115"]
[PlyCount "50"]
[EventDate "2013.??.??"]
[WhiteTeam "Post-Telekom SV 1925 Aachen e.V."]
[BlackTeam "SV Oberursel"]

1. Nf3 d5 2. d4 Nc6 3. g3 Bg4 4. Bg2 Qd7 5. Nc3 f6 6. a3 O-O-O 7. h3 Bh5 8. g4
Bf7 9. Bd2 e5 10. e3 h5 11. dxe5 hxg4 12. hxg4 Rxh1+ 13. Bxh1 Qxg4 14. exf6 Qh3
15. Ke2 d4 16. Qg1 dxc3 17. bxc3 Nxf6 18. Ng5 Bc4+ 19. Ke1 Qd7 20. Rd1 Kb8 21.
a4 Ne5 22. f4 Nf7 23. a5 Nxg5 24. Qxg5 Qh3 25. Qg2 Qh4+ 0-1

[Event "Offene Hessische Senioren Einzelmeisters"]
[Site "Bad Sooden- Allendorf"]
[Date "2013.04.24"]
[Round "5.8"]
[White "Schmidt, Gerhard"]
[Black "Weyrauch, Erich"]
[Result "1-0"]
[WhiteElo "2109"]
[BlackElo "2026"]
[PlyCount "61"]
[EventDate "2013.??.??"]
[WhiteTeam "SC Unterhaching e.V."]
[BlackTeam "SV Letmathe 1933 e.V."]

1. d4 Nf6 2. Nf3 d5 3. c4 c6 4. e3 e6 5. Bd3 Nbd7 6. O-O Bd6 7. Nbd2 O-O 8. e4
dxe4 9. Nxe4 Nxe4 10. Bxe4 Nf6 11. Bc2 Re8 12. Bg5 h6 13. Bh4 b6 14. Qd3 Bb7
15. Rad1 Qe7 16. Ne5 Rad8 17. Ng4 g5 18. Nxh6+ Kg7 19. Bxg5 Rh8 20. Qh3 c5 21.
d5 Be5 22. Rfe1 Qc7 23. dxe6 fxe6 24. Bxf6+ Bxf6 25. Qg4+ Kf8 26. Qg6 Qg7 27.
Rxd8+ Bxd8 28. Rxe6 Qxg6 29. Rxg6 Bc8 30. h3 Bd7 31. Ng4 1-0

[Event "Offene Hessische Senioren Einzelmeisters"]
[Site "Bad Sooden- Allendorf"]
[Date "2013.04.24"]
[Round "5.9"]
[White "Piankov, Evgenij"]
[Black "Schneider, Alexander"]
[Result "1-0"]
[WhiteElo "2259"]
[BlackElo "1974"]
[PlyCount "73"]
[EventDate "2013.??.??"]
[BlackTeam "Wilhelmshavener SC von 1887 e. V"]

1. d4 Nf6 2. c4 e6 3. Nc3 d5 4. cxd5 exd5 5. Bg5 c6 6. e3 h6 7. Bh4 Be7 8. Bd3
O-O 9. Nge2 Ne4 10. Bxe7 Qxe7 11. O-O Bf5 12. Qc2 Re8 13. Rab1 Nd7 14. Na4 g6
15. b4 Nb6 16. Nc5 Nd6 17. Bxf5 Nxf5 18. b5 Nc4 19. Qc3 b6 20. Na6 Nfd6 21.
bxc6 Ne4 22. Qb4 Ned2 23. Qxe7 Rxe7 24. Nf4 Rc8 25. Nxd5 Re6 26. Rbc1 Nxf1 27.
Rxc4 Nd2 28. Rc2 Ne4 29. Ndb4 Nd6 30. c7 Kf8 31. Kf1 f5 32. Ke2 Ke8 33. Kd3 Kd7
34. d5 Re4 35. f3 Re5 36. Nb8+ Ke8 37. N8c6 1-0

[Event "Offene Hessische Senioren Einzelmeisters"]
[Site "Bad Sooden- Allendorf"]
[Date "2013.04.24"]
[Round "5.10"]
[White "Petzold, Dr. Hans"]
[Black "van den Berg, Ad"]
[Result "0-1"]
[WhiteElo "1964"]
[BlackElo "2188"]
[PlyCount "108"]
[EventDate "2013.??.??"]
[WhiteTeam "USV TU Dresden"]
[BlackTeam "Aas Aalsmeer"]

1. e4 c5 2. Nc3 e6 3. f4 a6 4. Nf3 d5 5. d3 b5 6. e5 Nc6 7. g3 Nh6 8. Bg2 Nf5
9. Ne2 h5 10. c3 Bb7 11. O-O h4 12. g4 h3 13. Bh1 Nh6 14. g5 Nf5 15. Ng3 Nce7
16. d4 Qb6 17. Nxf5 Nxf5 18. Qd3 b4 19. Be3 a5 20. Rfe1 Ba6 21. Qd2 g6 22. Bf2
Rb8 23. cxb4 axb4 24. Red1 Kd7 25. Rac1 c4 26. Ne1 Bb5 27. b3 c3 28. Qc2 Qa6
29. Bf3 Be7 30. Nd3 Bxd3 31. Rxd3 Qa3 32. Rdd1 Bd8 33. Be2 Bc7 34. Bd3 Ne7 35.
Qe2 Qa5 36. Rc2 Ke8 37. Be3 Kf8 38. Qf1 Kg7 39. Kh1 Bb6 40. Qf2 Nc6 41. Be2 Ra8
42. Qf1 Qa7 43. Qf2 Qb7 44. Rg1 Ra5 45. Rd1 Qa7 46. Bf1 Ne7 47. Bd3 Ra8 48. Ra1
Ra3 49. f5 exf5 50. e6 fxe6 51. Re1 Rxa2 52. Rxa2 Qxa2 53. Bc2 Bc7 54. Bc1 Qa6
0-1

[Event "Offene Hessische Senioren Einzelmeisters"]
[Site "Bad Sooden- Allendorf"]
[Date "2013.04.24"]
[Round "5.11"]
[White "Van Oosten, Arend"]
[Black "Biller, Dr. Helmut"]
[Result "1-0"]
[WhiteElo "2136"]
[BlackElo "1959"]
[PlyCount "53"]
[EventDate "2013.??.??"]
[WhiteTeam "Utrecht"]
[BlackTeam "Sfr. Frankfurt 1921"]

1. e4 d6 2. d4 Nf6 3. Nc3 g6 4. f3 c6 5. Be3 b5 6. Qd2 Nbd7 7. Rd1 Qc7 8. Nge2
Nb6 9. b3 Bb7 10. Nc1 a6 11. Nd3 Bg7 12. Qf2 O-O 13. Ne2 Nfd7 14. h4 Rac8 15.
h5 c5 16. hxg6 hxg6 17. Qh4 Nf6 18. e5 dxe5 19. dxe5 Nh5 20. g4 Bxf3 21. Rh3
Bxg4 22. Qxg4 c4 23. Ndf4 Nxf4 24. Bxf4 Bxe5 25. Qh4 Rfd8 26. Qh7+ Kf8 27. Bh6+
1-0

[Event "Offene Hessische Senioren Einzelmeisters"]
[Site "Bad Sooden- Allendorf"]
[Date "2013.04.24"]
[Round "5.12"]
[White "Hassenrück, Helmut"]
[Black "Essegern, Dr. Kurt"]
[Result "1-0"]
[WhiteElo "2084"]
[BlackElo "1952"]
[PlyCount "103"]
[EventDate "2013.??.??"]
[WhiteTeam "SG-Gladbeck 19/2"]
[BlackTeam "Randspringer Bad Salzungen"]

1. d4 Nf6 2. Nf3 e6 3. e3 d5 4. c4 c6 5. Nbd2 Nbd7 6. Bd3 Bd6 7. O-O O-O 8. e4
dxe4 9. Nxe4 Nxe4 10. Bxe4 f5 11. Bc2 Nf6 12. Qe2 Bd7 13. Rd1 h6 14. Ne5 Be8
15. h3 Nh7 16. Nd3 Qf6 17. Bf4 Bxf4 18. Nxf4 Bf7 19. Nd3 Qh4 20. Ne5 Bh5 21. f3
Rad8 22. Qf2 Qxf2+ 23. Kxf2 Nf6 24. Ke3 Nd7 25. g4 Nxe5 26. dxe5 f4+ 27. Ke2
Bf7 28. Be4 g5 29. c5 Kg7 30. Rd6 Rxd6 31. cxd6 Bg6 32. Bxg6 Kxg6 33. Rh1 h5
34. h4 hxg4 35. h5+ Kf5 36. h6 gxf3+ 37. Kxf3 g4+ 38. Kf2 Kxe5 39. h7 Rh8 40.
d7 Ke4 41. Re1+ Kf5 42. Rd1 Rd8 43. h8=Q Rxh8 44. d8=Q Rxd8 45. Rxd8 Ke4 46.
Rd7 e5 47. Rxb7 g3+ 48. Kg2 Ke3 49. Rxa7 e4 50. Re7 Kd3 51. a4 e3 52. Kf3 1-0

[Event "Offene Hessische Senioren Einzelmeisters"]
[Site "Bad Sooden- Allendorf"]
[Date "2013.04.24"]
[Round "5.13"]
[White "van Geffen, Ben"]
[Black "Noblé, Alexander"]
[Result "1/2-1/2"]
[WhiteElo "2061"]
[BlackElo "1907"]
[PlyCount "47"]
[EventDate "2013.??.??"]
[WhiteTeam "Messemaker 1847"]
[BlackTeam "SC Bad Nauheim"]

1. e4 e6 2. d4 d5 3. Nc3 Nf6 4. e5 Nfd7 5. f4 c5 6. Nf3 Nc6 7. Be3 a6 8. Qd2
Qa5 9. Nd1 Qxd2+ 10. Kxd2 b6 11. c3 g6 12. Bd3 Be7 13. Nf2 f5 14. exf6 Nxf6 15.
Ne5 Bd7 16. h3 Rf8 17. g4 c4 18. Bc2 O-O-O 19. Raf1 Bd6 20. Rhg1 Ng8 21. Nh1
Nge7 22. h4 Kc7 23. Ng3 Be8 24. g5 1/2-1/2

[Event "Offene Hessische Senioren Einzelmeisters"]
[Site "Bad Sooden- Allendorf"]
[Date "2013.04.24"]
[Round "5.15"]
[White "Nagorni, Walter"]
[Black "Zunker, Dr. Reinhard"]
[Result "1/2-1/2"]
[WhiteElo "1876"]
[BlackElo "2050"]
[PlyCount "30"]
[EventDate "2013.??.??"]
[WhiteTeam "SG Weiß-Blau Eilenriede"]
[BlackTeam "SV 1920 Hofheim"]

1. Nf3 Nf6 2. c4 c5 3. g3 Nc6 4. Nc3 e5 5. Bg2 d6 6. d3 g6 7. O-O Bg7 8. Bg5 h6
9. Bd2 O-O 10. a3 Be6 11. e4 Qd7 12. Rb1 Bg4 13. Ne2 a5 14. b4 axb4 15. axb4 b6
1/2-1/2

[Event "Offene Hessische Senioren Einzelmeisters"]
[Site "Bad Sooden- Allendorf"]
[Date "2013.04.24"]
[Round "5.16"]
[White "Niebling, Ferdinand"]
[Black "Fleischer, Martin"]
[Result "1-0"]
[WhiteElo "2049"]
[BlackElo "1746"]
[PlyCount "97"]
[EventDate "2013.??.??"]
[WhiteTeam "SC Frankfurt-West"]
[BlackTeam "SV Einheit Schwerin"]

1. e4 e6 2. d4 d5 3. Nc3 dxe4 4. Nxe4 Nd7 5. Nf3 Be7 6. Bd3 Ngf6 7. Qe2 Nxe4 8.
Bxe4 Nf6 9. Bxb7 Bxb7 10. Qb5+ Qd7 11. Qxb7 O-O 12. O-O Rfb8 13. Qa6 Rb6 14.
Qe2 h6 15. c3 a5 16. Ne5 Qb5 17. Re1 Qxe2 18. Rxe2 a4 19. f3 Ne8 20. Be3 Rd6
21. Rc1 Nf6 22. Nd3 Nd5 23. Bf2 Bg5 24. Rcc2 Nf4 25. Nxf4 Bxf4 26. a3 c6 27.
Bg3 Bxg3 28. hxg3 Kf8 29. Kf2 Ke7 30. Ke1 Rd5 31. Re5 f6 32. Rxd5 exd5 33. Kd2
Kd6 34. c4 Ra7 35. cxd5 cxd5 36. Rc8 Kd7 37. Rc5 Kd6 38. Kc3 Ra8 39. Kb4 Rb8+
40. Rb5 Rc8 41. Kxa4 Rc2 42. Rb3 Rd2 43. Kb5 Rxd4 44. a4 Rd1 45. a5 d4 46. a6
Re1 47. a7 Re8 48. Ka6 Ra8 49. Kb7 1-0